000 00903nam2a22002411 4500
001 RU\NLR\Per\657307
005 20250617180747.0
035 _a(NLR Aleph) 002906429
090 _a3498835
_c3498835
100 _a20100210d2009 |||y0rusy50 ca
101 0 _arus
102 _aRU
105 _ay ||||000|y
200 0 _a2009, № 6 (96)
210 _d2009
_aБ. м.
461 0 _1001RU\NLR\INFOCOMM19\5000027185
_12001#$aЭлектроника: наука, технология, бизнес$fУчредитель: АО "Золотой шар"$v2009, № 6 (96)
_91907595
_cМ.
_d1996 -
_fУчредитель: АО "Золотой шар"
_tЭлектроника: наука, технология, бизнес
_x1992-4178
_v2009, № 6 (96)
801 1 _aRU
_bInfoComm
_c20050202
801 0 _aRU
_bNLR
_gPSBO
852 _aNLR
_jП11/3931
942 _cISSUE
980 _aNB
980 _aRUSPER